[Event "AUTO-OPEN-433"]
[Site "http://www.queenalice.com/game.php?id=122691"]
[Date "2006.10.28"]
[Round "1"]
[White "sith"]
[Black "salso"]
[Result "0-1"]
[WhiteElo "1340"]
[BlackElo "1994"]

1. d4 d5 2. Nc3 e6 3. e4 Nf6 4. Bg5 Be7 5. Bxf6 Bxf6 6. e5 Be7 7. Nf3 c5 8. Bb5+
Nc6 9. O-O Qb6 10. Bxc6+ bxc6 11. Na4 Qa5 12. c3 cxd4 13. cxd4 Bd7 14. b3 O-O
15. Qd3 Rfc8 16. Rfc1 c5 17. Nxc5 Bxc5 18. Rxc5 Rxc5 19. dxc5 Qxc5 20. Qd2 Rc8
21. h3 Qc3 22. Qe2 Qxa1+ 23. Kh2 Qc3 24. Ng5 h6 25. Nf3 d4 26. Ne1 Bb5 27. Qxb5
Qxe1 28. Qd7 Qxe5+ 29. g3 Rc2 30. Qe8+ Kh7 31. Qxf7 Qf6 32. Qxf6 gxf6 33. Kg2
Rxa2 34. Kf3 Rb2 35. h4 Rxb3+ 36. Ke2 e5 37. Kd2 a5 0-1

[Event "AUTO-OPEN-434"]
[Site "http://www.queenalice.com/game.php?id=122962"]
[Date "2006.10.29"]
[Round "1"]
[White "sith"]
[Black "grandeuberlandia"]
[Result "0-1"]
[WhiteElo "1396"]
[BlackElo "2151"]

1. d4 d5 2. Nc3 Bf5 3. Bf4 e6 4. Nf3 h6 5. Nh4 Bh7 6. Nf3 Nf6 7. e3 a6 8. Bd3
Bxd3 9. Qxd3 c5 10. O-O-O Nc6 11. e4 Nb4 12. Qe2 cxd4 13. Nxd4 Rc8 14. Nb3 Nxe4
15. Bd2 Qf6 16. Kb1 Qxf2 17. Rhe1 Qxe2 18. Rxe2 Nxd2+ 19. Rdxd2 Be7 20. a3 Nc6
21. Nd4 Nxd4 22. Rxd4 Bf6 23. Rd3 Bxc3 24. Rxc3 Rxc3 25. bxc3 b5 26. Kb2 Kd7 27.
Kb3 Re8 28. Kb4 Kc6 29. g4 g6 30. h4 a5+ 31. Kb3 f5 32. gxf5 gxf5 33. Re3 f4 34.
Rf3 e5 35. h5 Kc5 0-1

[Event "AUTO-OPEN-434"]
[Site "http://www.queenalice.com/game.php?id=122989"]
[Date "2006.10.29"]
[Round "1"]
[White "sith"]
[Black "valdiluis"]
[Result "0-1"]
[WhiteElo "1396"]
[BlackElo "1904"]

1. d4 d5 2. Nc3 Nc6 3. Nf3 Bg4 4. Bf4 Bxf3 5. exf3 Nf6 6. Bd3 e6 7. O-O Nb4 8.
Nb5 Bd6 9. Bxd6 cxd6 10. c3 Nxd3 11. Qxd3 O-O 12. Rfe1 a6 13. Na3 b5 14. Nc2 Nd7
15. f4 Nb6 16. b3 Rc8 17. Rac1 Qc7 18. Ne3 e5 19. fxe5 dxe5 20. dxe5 b4 21. Nxd5
Nxd5 22. Qxd5 bxc3 23. Qd6 c2 24. Re2 Qa5 25. b4 Qxa2 26. e6 fxe6 27. Rxe6 Rfd8
28. Qe5 Rd1+ 0-1

[Event "AUTO-OPEN-434"]
[Site "http://www.queenalice.com/game.php?id=122990"]
[Date "2006.10.29"]
[Round "1"]
[White "valdiluis"]
[Black "sith"]
[Result "1-0"]
[WhiteElo "1905"]
[BlackElo "1323"]

1. e4 d5 2. exd5 c6 3. dxc6 Nxc6 4. Nf3 Bg4 5. Be2 Nf6 6. O-O e6 7. h3 Bf5 8.
Nh4 Nd4 9. Nxf5 Nxf5 10. Nc3 Bc5 11. Bb5+ Nd7 12. Ne4 Qb6 13. Bxd7+ Kxd7 14. c3
Rhd8 15. d4 Ke8 16. Qa4+ Ke7 17. Nxc5 Rd6 18. Bf4 Rd5 19. Qa3 Nd6 20. Bxd6+ Rxd6
21. Ne4 Rd8 22. Nxd6 Qxd6 23. Qxd6+ Rxd6 24. Rad1 f5 25. Rfe1 h6 26. Re5 b6 27.
d5 g6 28. Rxe6+ Rxe6 29. dxe6 Kxe6 30. f4 g5 31. fxg5 hxg5 32. b4 f4 33. c4 a6
34. c5 bxc5 35. bxc5 f3 36. c6 f2+ 37. Kxf2 1-0

[Event "AUTO-OPEN-434"]
[Site "http://www.queenalice.com/game.php?id=122991"]
[Date "2006.10.29"]
[Round "1"]
[White "sith"]
[Black "RIVAS"]
[Result "0-1"]
[WhiteElo "1416"]
[BlackElo "1951"]

1. d4 d5 2. Nc3 Nf6 3. Bg5 Bf5 4. Nf3 Nbd7 5. Nh4 Bg6 6. Nxg6 hxg6 7. Qd3 e6 8.
O-O-O a6 9. e4 dxe4 10. Nxe4 Be7 11. h4 Nxe4 12. Bxe7 Nxf2 13. Bxd8 Nxd3+ 14.
Rxd3 Rxd8 15. g4 Nf6 16. g5 Nd5 17. Rb3 Nb6 18. c3 Ke7 19. Bd3 Kd7 20. Be4 Kc8
21. Rb4 Rhe8 22. Rf1 Re7 23. a4 Nd5 24. Bxd5 exd5 25. Kb1 Rh8 26. Rf4 Rf8 27. c4
c6 28. c5 f5 29. Rb3 Re4 30. Rbf3 Rh8 0-1

[Event "AUTO-OPEN-434"]
[Site "http://www.queenalice.com/game.php?id=122992"]
[Date "2006.10.29"]
[Round "1"]
[White "RIVAS"]
[Black "sith"]
[Result "1-0"]
[WhiteElo "2002"]
[BlackElo "1100"]

1. e4 e5 2. f4 d5 3. exd5 exf4 4. Nf3 Qxd5 5. Nc3 Qd8 6. Bb5+ c6 7. Bc4 Bg4 8.
Bxf7+ Kxf7 9. Ne5+ Kf6 10. Nxg4+ Kf7 11. O-O Nf6 12. Nxf6 Qxf6 13. d4 Bd6 14.
Ne4 Qf5 15. Nxd6+ 1-0

[Event "AUTO-OPEN-445"]
[Site "http://www.queenalice.com/game.php?id=127350"]
[Date "2006.11.9"]
[Round "1"]
[White "sith"]
[Black "madriles"]
[Result "0-1"]
[WhiteElo "1319"]
[BlackElo "1585"]

1. d4 d5 2. Nc3 e6 3. e4 Nf6 4. Bg5 Be7 5. Bxf6 Bxf6 6. e5 Be7 7. Nf3 O-O 8. Bd3
Nc6 9. O-O f6 10. Nh4 g6 11. Nxg6 hxg6 12. Bxg6 Kg7 13. Bh5 fxe5 14. Qg4+ Kh8
15. Bg6 Bg5 16. Qh5+ Kg7 17. Qh7+ Kf6 18. dxe5+ Nxe5 19. f4 Nxg6 0-1

[Event "AUTO-OPEN-445"]
[Site "http://www.queenalice.com/game.php?id=127351"]
[Date "2006.11.9"]
[Round "1"]
[White "madriles"]
[Black "sith"]
[Result "1-0"]
[WhiteElo "1604"]
[BlackElo "1319"]

1. d4 c5 2. d5 Nf6 3. c4 d6 4. Bg5 Qb6 5. Qc2 h6 6. Bxf6 exf6 7. e4 Be7 8. Bd3
O-O 9. Ne2 Bg4 10. O-O Bxe2 11. Qxe2 Nd7 12. b3 Ne5 13. Nc3 Nxd3 14. Qxd3 Qd8
15. Ne2 f5 16. exf5 Bf6 17. Rab1 Re8 18. Ng3 Re5 19. b4 1-0

[Event "AUTO-OPEN-466"]
[Site "http://www.queenalice.com/game.php?id=136227"]
[Date "2006.12.2"]
[Round "1"]
[White "junior11"]
[Black "sith"]
[Result "1-0"]
[WhiteElo "1722"]
[BlackElo "1422"]

1. e4 d5 2. exd5 c6 3. Nf3 Bg4 4. Be2 Nf6 5. d4 Qa5+ 6. Nc3 cxd5 7. O-O e6 8.
Ne5 Bxe2 9. Qxe2 a6 10. Bd2 Bb4 11. a3 1-0

[Event "AUTO-OPEN-466"]
[Site "http://www.queenalice.com/game.php?id=136228"]
[Date "2006.12.2"]
[Round "1"]
[White "sith"]
[Black "junior11"]
[Result "0-1"]
[WhiteElo "1430"]
[BlackElo "1718"]

1. e3 e5 2. c4 Nf6 3. Nc3 Nc6 4. d4 Bb4 5. a3 exd4 6. exd4 Be7 7. Nf3 d5 8. Nxd5
Nxd5 9. cxd5 Qxd5 10. Be2 Bg4 0-1

[Event "AUTO-OPEN-466"]
[Site "http://www.queenalice.com/game.php?id=136257"]
[Date "2006.12.2"]
[Round "1"]
[White "bogmaster"]
[Black "sith"]
[Result "1-0"]
[WhiteElo "1568"]
[BlackElo "1348"]

1. e4 d5 2. e5 Bf5 3. d4 e6 4. Bd3 Bg6 5. Bxg6 hxg6 6. Nf3 Nc6 7. Nc3 Bb4 8. a3
Bxc3+ 9. bxc3 Nge7 10. Ng5 Nf5 11. Rb1 b6 12. O-O Qe7 13. g3 O-O-O 14. Qd3 Rh5
15. Nf3 1-0

[Event "AUTO-OPEN-466"]
[Site "http://www.queenalice.com/game.php?id=136258"]
[Date "2006.12.2"]
[Round "1"]
[White "sith"]
[Black "bogmaster"]
[Result "0-1"]
[WhiteElo "1358"]
[BlackElo "1560"]

1. e3 e5 2. c4 Bc5 3. b4 Bxb4 4. Qb3 a5 5. Be2 d6 6. a3 Bc5 7. Bb2 Nc6 8. Nf3
Nf6 9. Nc3 b6 10. Nd5 Ne7 11. Nxf6+ gxf6 12. d4 a4 13. Qc2 Bf5 14. Qd2 exd4 15.
Nxd4 Bg6 0-1

[Event "AUTO-OPEN-469"]
[Site "http://www.queenalice.com/game.php?id=137400"]
[Date "2006.12.5"]
[Round "1"]
[White "MarcosSP41"]
[Black "sith"]
[Result "1-0"]
[WhiteElo "1255"]
[BlackElo "1416"]

1. e4 d5 2. Qe2 dxe4 3. Qxe4 Nf6 4. Qa4+ c6 5. d3 e5 6. d4 exd4 7. Bc4 Qe7+ 8.
Ne2 b5 9. Bxb5 cxb5 10. Qxb5+ Bd7 11. Qd3 Nc6 12. O-O Qc5 13. Re1 Be7 14. Na3
Bf5 15. Qg3 1-0

[Event "AUTO-OPEN-469"]
[Site "http://www.queenalice.com/game.php?id=137401"]
[Date "2006.12.5"]
[Round "1"]
[White "sith"]
[Black "MarcosSP41"]
[Result "0-1"]
[WhiteElo "1385"]
[BlackElo "1277"]

1. e3 e5 2. d4 exd4 3. Nf3 dxe3 4. Bxe3 Qf6 5. Nc3 Nh6 6. Nd5 Qxb2 7. Nxc7+ Kd8
8. Bf4 Bb4+ 9. Nd2 Qf6 10. Bg3 Bc5 11. Bd3 Nf5 12. Nd5 Qe6+ 13. Ne3 g6 0-1

[Event "AUTO-OPEN-469"]
[Site "http://www.queenalice.com/game.php?id=137432"]
[Date "2006.12.5"]
[Round "1"]
[White "sith"]
[Black "Jonny_Fake"]
[Result "0-1"]
[WhiteElo "1321"]
[BlackElo "1367"]

1. f4 e6 2. Nf3 d5 3. e3 Bd6 4. Be2 Nc6 5. O-O Nf6 6. d3 b6 7. b3 Qe7 8. Bb2 Ng4
9. Qd2 e5 10. fxe5 Ncxe5 11. Nxe5 Bxe5 12. Bc3 Bxh2+ 13. Kh1 Qh4 0-1

[Event "AUTO-OPEN-469"]
[Site "http://www.queenalice.com/game.php?id=137433"]
[Date "2006.12.5"]
[Round "1"]
[White "Jonny_Fake"]
[Black "sith"]
[Result "0-1"]
[WhiteElo "1500"]
[BlackElo "1394"]

1. e4 d5 2. exd5 c6 3. c4 cxd5 4. b3 dxc4 5. bxc4 Nf6 6. g3 e6 7. Bd3 Qxd3 8.
Nc3 Ne4 9. Bb2 Bc5 10. f3 Bf2# 0-1